Detalles MARC
| 000 -CABECERA |
| campo de control de longitud fija |
02205nam a2200289 a 4500 |
| 003 - IDENTIFICADOR DEL NÚMERO DE CONTROL |
| campo de control |
DO-SdBNP |
| 005 - FECHA Y HORA DE LA ÚLTIMA TRANSACCIÓN |
| campo de control |
20220920105438.0 |
| 007 - CAMPO FIJO DE DESCRIPCIÓN FÍSICA--INFORMACIÓN GENERAL |
| campo de control de longitud fija |
ta |
| 008 - DATOS DE LONGITUD FIJA--INFORMACIÓN GENERAL |
| campo de control de longitud fija |
220916e2013 dr aco|gr|||| 001 e spa d |
| 040 ## - FUENTE DE LA CATALOGACIÓN |
| Centro catalogador/agencia de origen |
DO-SdBNP |
| Lengua de catalogación |
spa |
| Centro/agencia transcriptor |
BNPHU |
| 082 #4 - NÚMERO DE LA CLASIFICACIÓN DECIMAL DEWEY |
| Número de edición |
22 |
| Número de documento/Ítem |
C749m |
| 111 2# - ENTRADA PRINCIPAL--NOMBRE DE CONGRESO/REUNIÓN |
| Nombre de congreso/reunión o jurisdicción como elemento de entrada |
Memorias de un Congreso. |
| Número del congreso/reunión o número de parte o sección |
(1: |
| Fecha del congreso/reunión |
2013: |
| Sede del congreso/Lugar de la reunión |
Bonao, Moseñor Noul República Dominicana) |
| 9 (RLIN) |
82397 |
| 245 10 - MENCIÓN DE TÍTULO |
| Título |
Memorias de un Congreso: |
| Resto del título |
primer congreso socio-político Kolping- Duarte. "vidas y acciones que trascienden fronteras" / |
| Mención de responsabilidad, etc. |
Fotografías, Ramón Antonio Sirí; Editor, Juan Luciano Amado Rodríguez; Prólogo, Francisco Antonio Jiménez |
| 246 10 - FORMA VARIANTE DE TÍTULO |
| Título propio/Titulo breve |
Primer congreso socio-político Kolping- Duarte: |
| Resto del título |
"vidas y acciones que trascienden fronteras" |
| 260 ## - PUBLICACIÓN, DISTRIBUCIÓN, ETC. |
| Lugar de publicación, distribución, etc. |
Bonao, Monseñor Nouel : |
| 300 ## - DESCRIPCIÓN FÍSICA |
| Extensión |
103 p. : |
| Otras características físicas |
il., fotogr. ; |
| Dimensiones |
23 cm |
| 440 ## - MENCIÓN DE SERIE/PUNTO DE ACCESO ADICIONAL--TÍTULO |
| Título |
Obra Kolping Dominicana |
| 9 (RLIN) |
82398 |
| 504 ## - NOTA DE BIBLIOGRAFÍA, ETC. |
| Nota de bibliografía, etc. |
Bibliografía: p. 103 p. |
| 505 ## - NOTA DE CONTENIDO CON FORMATO |
| Nota de contenido con formato |
Dedicatoria. |
| Información miscelánea |
Instituciones y Organizaciones Participantes en el Congreso Kolping- Duarte.--<br/> |
| 505 ## - NOTA DE CONTENIDO CON FORMATO |
| Nota de contenido con formato |
Prólogo. |
| Título |
Palabras de bienvenida a cargo de la señora Ana Yudy García, Directora Ejecutiva Fundación Kol-ping Dominicana.-- |
| -- |
¿Qué es un congreso?. / |
| Mención de responsabilidad |
Rev. Francisco Antonio Jiménez.-- |
| Título |
Diagnóstico socio- político del mundo actual. / |
| Mención de responsabilidad |
Juan Luciano Amadis Rodríguez.-- |
| Título |
Análisis de coyuntura de la realidad dominicana. / |
| Mención de responsabilidad |
Juan F. Rosario Hiciano (efren).-- |
| Título |
Visión política de Juan Pablo Duarte. / |
| Mención de responsabilidad |
Mons. Fausto Mejía Vallejo, Obispo de la Diócesis de San Francisco de Macorís.-- |
| Información miscelánea |
Temática I. |
| Título |
Reflexión en torno al pensamiento socio-político de Juan Pablo Duarte.-- |
| Información miscelánea |
Temática II. |
| Título |
Reflexión en torno al pensamiento socio-político de Beato Adolfo Kol-ping.-- |
| -- |
Economía solidaria como expresión del humanismo cristiano. / |
| Mención de responsabilidad |
Dr. Ingnacio Miranda.-- |
| Título |
Respuestas emanadas de las diferentes instituciones en torno al tema del pre-congreso.-- |
| -- |
Propuestas y conclusiones generales.-- <br/><br/> |
| -- |
Bibliografía. |
| 590 ## - NOTA LOCAL (RLIN) |
| Nota local |
Inventariado 2022 / MF |
| 700 1# - PUNTO DE ACCESO ADICIONAL--NOMBRE DE PERSONA |
| Nombre de persona |
Sirí, Ramón Antonio |
| Término indicativo de función/relación |
fotogr. |
| 9 (RLIN) |
82399 |
| 700 1# - PUNTO DE ACCESO ADICIONAL--NOMBRE DE PERSONA |
| Nombre de persona |
Amado Rodríguez, Juan Luciano |
| Término indicativo de función/relación |
ed. |
| 9 (RLIN) |
82400 |
| 700 1# - PUNTO DE ACCESO ADICIONAL--NOMBRE DE PERSONA |
| 9 (RLIN) |
43496 |
| Nombre de persona |
Jiménez, Francisco Antonio |
| Término indicativo de función/relación |
pról. |
| 910 ## - DATOS DE OPCIÓN DEL USUARIO (OCLC) |
| Datos de opción del usuario |
MFeliz |
| 942 ## - ELEMENTOS DE PUNTO DE ACCESO ADICIONAL (KOHA) |
| Fuente del sistema de clasificación o colocación |
Dewey Decimal Classification |
| Tipo de ítem Koha |
Libro |